005180000a2200157000450024500880000065000210008865000180010965000330012765000330016004100130019370000200020670000220022670000210024810000220026977300690029110aPerformance of existing networks of conservation areas in representing biodiversity14aAreas protegidas14aBiodiversidad14aMétodos de investigación14aIndicadores de biodiversidad0 aInglés1 aTratt, Rosalind1 aWheeler, Bryan D.1 aGaston, Kevin J.1 aRodrigues, Ana S.1 tProceedings Royal Society London. B.31158q1453-1460d1999g266